Sean O'Malley's UFC career - Statistics

General Stats
  • This quiz has been taken 46 times
  • The average score is 6 of 11
Answer Stats
Hint Answer % Correct
10. August 19, 2023 win by TKO at minute 0:51 of the first round. Aljamine Sterling
97%
11. March 9, 2024 win by unanimous decision. Marlon Vera
97%
4. August 15, 2020 loss by TKO at minute 4:40 of the first round. Marlon Vera
97%
9. October 22, 2022 win by split decision. Petr Yan
91%
3. June 6, 2020 win by KO at minute 1:54 of the first round. Eddie Wineland
57%
8. July 2, 2022 was declared a no result at minute 3:09 of the second round due to an accidental eye poke by O'Malley Pedro Munhnoz
40%
6. March 27, 2021 win by KO at minute 3:52 of the third round. Kris Moutinho
26%
7. December 11, 2021 win by TKO at minute 4:33 of the third round. Raulian Paiva
23%
5. March 27, 2021 win by KO at minute 3:52 of the third round. Thomas Almeida
20%
1. March 3, 2018 win by unanimous decision. Andre Soukhamthath
6%
2. March 7, 2020 win by TKO at minute 2:02 of the first round. José Alberto Quiñónez
6%
No matching quizzes found
Score Distribution
Percent of People with Each Score
Percentile by Number Answered
Your Score History
You have not taken this quiz